LEADER 01124nam a2200253 i 4500 001 000000041423 003 CaOOAMICUS 005 20110412000000.0 008 110412s1990 it u000 u ita u 013 $a12593 040 $aSeMil$bita 100 1 $aBorchi, Emilio.$0(OLS)http://semarc/name/20371 245 13$aIl barometro :$bstoria e applicazioni nell'Osservatorio Ximeniano /$cE. Borchi, R. Macii, M. Parisi. 260 $aFirenze :$bTip. Baccini & Baldi,$c1990. 300 $a140 p., [2] p. di tabelle ripiegate :$bill. ;$c24 cm. 500 $aAi pie' del front : Osservatorio Ximeniano. 650 4$aMeteorologia.$0(OLS)http://semarc/subject/844 700 1 $aParisi, Marina.$0(OLS)http://semarc/name/20373 700 1 $aMacii, Renzo.$0(OLS)http://semarc/name/20372 850 $aSeMil 852 $aSeMil$W1$xVenegono$y1$m3XF IV 19$j7578$B7578$CSeMilBibl$Z2$F7578 $81 961 $aOmaggio: Museo A. Stoppani 996 $6245$aIl barometro :$bstoria e applicazioni nell'Osservatorio Ximeniano$9(OLS)http://semarc/title/59989 996 $6260$aFirenze :$bTip. Baccini & Baldi$9(OLS)http://semarc/publisher/40211 LEADER 01919nam a2200337 i 4500 001 000000109251 003 CaOOAMICUS 005 20081119000000.0 008 081119s1998 it u000 u ita u 013 $a81931 020 $a88-459-1409-7 040 $aSeMil$bita 100 1 $aOnians, Richard Broxton.$0(OLS)http://semarc/name/45876 240 14$aThe origins of European thought about the body, the mind, the soul, the world, time and fate.$0(OLS)http://semarc/title/158571 245 13$aLe origini del pensiero europeo :$bintorno al corpo, la mente, l'anima, il mondo, il tempo e il destino : nuove interpretazioni di materiali greci e romani, di altre testimonianze e di alcune fondamentali concezioni ebraiche e cristiane /$cR. B. Onians ; a cura di Lorenzo Perilli ; traduzione di Paolo Zaninoni. 260 $aMilano :$bAdelphi,$c[1998] 300 $a648 p. ;$c24 cm. 490 0 $aIl ramo d'oro ;$v31 500 $aFondo Card. C.M. Martini. 650 4$aUomo - Concezione - Antichità.$0(OLS)http://semarc/subject/19319 650 4$aUniverso - Concezione - Antichità.$0(OLS)http://semarc/subject/19320 700 1 $aZaninoni, Paolo.$0(OLS)http://semarc/name/45878 700 1 $aPerilli, Lorenzo.$0(OLS)http://semarc/name/45877 830 3$aIl ramo d'oro ;$v31.$0(OLS)http://semarc/title/10258 850 $aSeMil 852 $aSeMil$W1$xVenegono$y1$m2P IV 72$j65257$B65257$CSeMilBibl$Z2$F101502 $81 941 1 $a4 961 $aOmaggio: Martini Card. Carlo Maria 996 $6020$a88-459-1409-7$9(OLS)http://semarc/number/90516 996 $6245$aLe origini del pensiero europeo :$bintorno al corpo, la mente, l'anima, il mondo, il tempo e il destino : nuove interpretazioni di materiali greci e romani, di altre testimonianze e di alcune fondamentali concezioni ebraiche e cristiane$9(OLS)http://semarc/title/158570 996 $6260$aMilano :$bAdelphi$9(OLS)http://semarc/publisher/30018